01140nam a2200193Ia 4500001001100000003001000011008004100021040002500062041001300087100002800100245006600128250001100194260007800205300001200283500026000295501011400555520026000669650001700929L720-29347IT-CnALBA170116s9999||||xx |||||||||||||| ||und|| aIT-CnALBAcIT-CnALBA aITALIANO aGIANFREDA GRAZIO, MONS. 0aIL MOSAICO PAVIMENTALE DELLA BASILICA CATTEDRALE DI OTRANTO.  a2a ed. aFROSINONEbCASAMARI. ABBAZIA TIPOGRAFIA. FROSINONE'c1965 [1° Ed.: n.d.] a214 p.  aAMBIENTE STORICO. LA CATTEDRALE. AUTORE ED EPOCA DEL MOSAICO. INTERPRETAZIONE: SIGNIFICATO ALLEGORICO. SINTESI DEL PENSIERO MEDIOEVALE: FEDE E ARTE, COMPENDIO DI CULTURA. CONTENUTO LETTERARIO, DOMMATICO, APOLOGETICO. ILLUSTRAZIONI IN BIANCO E NERO, NEL TE aSocietà San Paolo EM - Piazza San Paolo, 14 - 12051 ALBA (CN) (non commercial uses only) ® Copyright 2017 aAMBIENTE STORICO. LA CATTEDRALE. AUTORE ED EPOCA DEL MOSAICO. INTERPRETAZIONE: SIGNIFICATO ALLEGORICO. SINTESI DEL PENSIERO MEDIOEVALE: FEDE E ARTE, COMPENDIO DI CULTURA. CONTENUTO LETTERARIO, DOMMATICO, APOLOGETICO. ILLUSTRAZIONI IN BIANCO E NERO, NEL TE aARCHITETTURA